[Event "CZE-chT2C 1920"]
[Site "Czech Republic"]
[Date "2020.02.09"]
[Round "8.8"]
[White "Richter, Martin1"]
[Black "Hala, Viktor"]
[Result "1/2-1/2"]
[WhiteElo "1938"]
[BlackElo "2008"]
[PlyCount "28"]
[EventDate "2019.10.13"]
[EventType "team-tourn"]
[EventRounds "11"]
[EventCountry "CZE"]
[SourceTitle "EXT 2024"]
[Source "ChessBase"]
[SourceDate "2023.10.10"]
[SourceVersion "1"]
[SourceVersionDate "2023.10.10"]
[SourceQuality "1"]
[WhiteTeam "Bakov nad Jizerou"]
[BlackTeam "Kolin"]
[WhiteTeamCountry "CZE"]
[BlackTeamCountry "CZE"]

1. e4 c6 2. d4 d5 3. exd5 cxd5 4. c4 Nf6 5. Nc3 e6 6. Bg5 Be7 7. Nf3 dxc4 8. Bxc4 Nc6 9. 0-0 0-0 10. Re1 a6 11. Rc1 b5 12. Bb3 Bb7 13. Bf4 Nb4 14. a3 Nbd5 1/2-1/2

[Event "CZE-chT2C 1718"]
[Site "Czech Republic"]
[Date "2018.03.18"]
[Round "10.8"]
[White "Stolba, Milos"]
[Black "Hala, Viktor"]
[Result "1/2-1/2"]
[WhiteElo "2058"]
[BlackElo "2027"]
[PlyCount "80"]
[EventDate "2017.10.15"]
[EventType "team-tourn"]
[EventRounds "11"]
[EventCountry "CZE"]
[SourceTitle "EXT 2022"]
[Source "ChessBase"]
[SourceDate "2021.10.06"]
[SourceVersion "1"]
[SourceVersionDate "2021.10.06"]
[SourceQuality "1"]
[WhiteTeam "Kutna Hora"]
[BlackTeam "Kolin"]
[WhiteTeamCountry "CZE"]
[BlackTeamCountry "CZE"]

1. d4 Nf6 2. Nf3 e6 3. c4 d5 4. cxd5 exd5 5. Nc3 c6 6. Bg5 Be7 7. Qc2 Bg4 8. Ne5 Nbd7 9. Nxg4 Nxg4 10. Bf4 Nf8 11. h3 Nf6 12. Qb3 Qb6 13. Qxb6 axb6 14. Bd2 Ne6 15. e3 0-0 16. Bd3 b5 17. f3 Ra7 18. Ne2 Rfa8 19. Nc1 Bd6 20. Kf2 b4 21. Rb1 b6 22. Bf5 c5 23. Bxe6 fxe6 24. Re1 Nd7 25. e4 Kf7 26. e5 Be7 27. f4 Nb8 28. Be3 Nc6 29. Nb3 cxd4 30. Nxd4 Nxd4 31. Bxd4 Bc5 32. Ke3 Rxa2 33. Rec1 Rc8 34. Kd3 Ra4 35. Be3 Ra5 36. Bd2 Rca8 37. g4 g6 38. Rf1 Ke7 39. Rbe1 Rf8 40. Kc2 Rf7 1/2-1/2

[Event "CZE-chT2C 1617"]
[Site "Czech Republic"]
[Date "2016.10.30"]
[Round "2.7"]
[White "Vanek, Petr"]
[Black "Hala, Viktor"]
[Result "1/2-1/2"]
[WhiteElo "2060"]
[BlackElo "2048"]
[PlyCount "103"]
[EventDate "2016.10.09"]
[EventType "team-tourn"]
[EventRounds "11"]
[EventCountry "CZE"]
[SourceTitle "EXT 2022"]
[Source "ChessBase"]
[SourceDate "2021.10.06"]
[SourceVersion "1"]
[SourceVersionDate "2021.10.06"]
[SourceQuality "1"]
[WhiteTeam "Vysehrad II"]
[BlackTeam "Kolin"]
[WhiteTeamCountry "CZE"]
[BlackTeamCountry "CZE"]

1. e4 c5 2. Nc3 Nc6 3. g3 g6 4. Bg2 Bg7 5. d3 e6 6. Nge2 Nge7 7. Be3 Nd4 8. 0-0 0-0 9. Qd2 Nec6 10. Nd1 Nxe2+ 11. Qxe2 d6 12. c3 Rb8 13. Qd2 Qa5 14. Bh6 e5 15. Bxg7 Kxg7 16. Ne3 Be6 17. f4 f6 18. f5 Bd7 19. h4 Qd8 20. Ng4 gxf5 21. Qh6+ Kh8 22. exf5 Qe7 23. Qe3 Qg7 24. Nh6 Ne7 25. Kh2 b6 26. g4 Rbd8 27. c4 Nc6 28. Be4 Nd4 29. Rac1 Be8 30. Rg1 Ne2 31. Qxe2 Qxh6 32. Qf2 Bf7 33. Qg3 Rg8 34. Rc2 Rg7 35. Rf2 Rdg8 36. Qh3 Bh5 37. g5 fxg5 38. f6 Rf7 39. Qf5 Bg6 40. Qxg5 Qxg5 41. hxg5 Bxe4 42. dxe4 Rg6 43. Rd2 h6 44. Rxd6 hxg5 45. Rf1 Kh7 46. Kg3 Rh6 47. Rf5 Kg6 48. Re6 Rh1 49. Rexe5 Rg1+ 50. Kf2 Rb1 51. Rxg5+ Kxf6 52. Rgf5+ 1/2-1/2

[Event "CZE-chT2C 1516"]
[Site "Czech Republic"]
[Date "2015.11.08"]
[Round "2.6"]
[White "Smid, Miroslav"]
[Black "Hala, Viktor"]
[Result "0-1"]
[WhiteElo "2198"]
[BlackElo "2048"]
[PlyCount "62"]
[EventDate "2015.10.18"]
[EventType "team-tourn"]
[EventRounds "11"]
[EventCountry "CZE"]
[SourceTitle "EXT 2022"]
[Source "ChessBase"]
[SourceDate "2021.10.06"]
[SourceVersion "1"]
[SourceVersionDate "2021.10.06"]
[SourceQuality "1"]
[WhiteTeam "Praha Bohemians"]
[BlackTeam "Kolin"]
[WhiteTeamCountry "CZE"]
[BlackTeamCountry "CZE"]

1. c4 Nf6 2. g3 c6 3. Bg2 d5 4. Nf3 e6 5. 0-0 Nbd7 6. b3 e5 7. cxd5 cxd5 8. Bb2 Bd6 9. Nc3 a6 10. Nh4 Nb6 11. Qc2 g6 12. a4 Be6 13. a5 Nbd7 14. e3 0-0 15. f4 d4 16. exd4 exd4 17. Ne4 Be7 18. f5 Rc8 19. Qb1 Bxb3 20. fxg6 hxg6 21. Bxd4 Bc2 22. Nxf6+ Bxf6 23. Qb2 Bxd4+ 24. Qxd4 Nc5 25. Qf4 Nb3 26. Rae1 Nxa5 27. Nf3 b5 28. Ne5 f6 29. Ng4 Rc4 30. Nxf6+ Kg7 31. Re6 Rxf4 0-1

[Event "CZE-chT2c 0607"]
[Site "Czech Republic"]
[Date "2007.02.25"]
[Round "8.7"]
[White "Trojan, Lubos"]
[Black "Hala, Viktor"]
[Result "1-0"]
[WhiteElo "2060"]
[BlackElo "2074"]
[PlyCount "65"]
[EventDate "2006.10.15"]
[EventType "team-tourn"]
[EventRounds "11"]
[EventCountry "CZE"]
[SourceTitle "EXT 2008"]
[Source "ChessBase"]
[SourceDate "2007.11.25"]
[SourceVersion "1"]
[SourceVersionDate "2007.11.25"]
[SourceQuality "1"]
[WhiteTeam "Polabiny II"]
[BlackTeam "Kolin"]
[WhiteTeamCountry "CZE"]
[BlackTeamCountry "CZE"]

1. Nf3 Nf6 2. c4 g6 3. g3 Bg7 4. Bg2 c5 5. 0-0 0-0 6. Nc3 d5 7. cxd5 Nxd5 8. Qb3 Nb4 9. Ng5 h6 10. a3 N4c6 11. Nf3 Na5 12. Qc2 c4 13. d3 cxd3 14. exd3 Be6 15. Be3 Nb3 16. Rad1 Nc6 17. d4 Nca5 18. Ne5 Bf5 19. Be4 Bxe4 20. Qxe4 Rc8 21. Rd3 a6 22. Rfd1 Qd6 23. Nd5 f5 24. Qf3 g5 25. Nb4 Bxe5 26. dxe5 Qxe5 27. Bb6 Nc4 28. Qd5+ Qxd5 29. Nxd5 Nxb2 30. Nxe7+ Kf7 31. Nxc8 Nxd1 32. Nd6+ Ke6 33. Rxd1 1-0

[Event "Czechia KP-chTB 0607"]
[Site "Czech Republic"]
[Date "2006.11.26"]
[Round "3.5"]
[White "Pospech, Roman"]
[Black "Hala, Viktor"]
[Result "0-1"]
[WhiteElo "1982"]
[BlackElo "2074"]
[PlyCount "146"]
[EventDate "2006.10.29"]
[EventType "team-tourn"]
[EventRounds "11"]
[EventCountry "CZE"]
[SourceTitle "EXT 2008"]
[Source "ChessBase"]
[SourceDate "2007.11.25"]
[SourceVersion "1"]
[SourceVersionDate "2007.11.25"]
[SourceQuality "1"]
[WhiteTeam "Ricany II"]
[BlackTeam "Kolin II"]
[WhiteTeamCountry "CZE"]
[BlackTeamCountry "CZE"]

1. d4 Nf6 2. c4 e6 3. Nf3 d5 4. e3 Be7 5. Nbd2 Nbd7 6. Bd3 0-0 7. b3 c6 8. Bb2 Re8 9. 0-0 Nf8 10. Ne5 N6d7 11. f4 f6 12. Ng4 f5 13. Nf2 Nf6 14. Be2 Ne4 15. Ndxe4 fxe4 16. Bh5 g6 17. Be2 Bf6 18. Qc2 Bg7 19. Rad1 Nd7 20. Ba3 Nf6 21. g4 Bf8 22. Bxf8 Rxf8 23. g5 Ne8 24. Ng4 Nd6 25. Ne5 Nf5 26. Qd2 Bd7 27. Bg4 a5 28. Bxf5 exf5 29. h4 Be8 30. Rc1 Kh8 31. Rc2 Rg8 32. Rfc1 Rg7 33. Qh2 Qe7 34. Qh3 Qe6 35. Qg2 a4 36. Qd2 axb3 37. axb3 Qd6 38. cxd5 Qxd5 39. Qb4 Qe6 40. Rc5 Qe7 41. Qb6 Ra6 42. Qb4 Ra2 43. Qc3 Ra8 44. d5 cxd5 45. Rxd5 Qe6 46. Rc5 Kg8 47. Rc8 Rxc8 48. Qxc8 Qxc8 49. Rxc8 Re7 50. Kf2 Kg7 51. Ke2 Bf7 52. b4 Be6 53. Rc5 Kf8 54. Kd2 Ke8 55. b5 Kd8 56. Kc3 Rc7 57. Kd4 b6 58. Rc6 Rxc6 59. Nxc6+ Kc7 60. Ke5 Bb3 61. Nd4 Bd1 62. Ne6+ Kb7 63. Nf8 Be2 64. Nxh7 Bxb5 65. Nf8 Be8 66. h5 gxh5 67. Kxf5 b5 68. Kxe4 b4 69. g6 b3 70. Kd3 h4 71. g7 Bf7 72. f5 Bg8 73. Ng6 h3 0-1

[Event "Czechia KP-chTB 0607"]
[Site "Czech Republic"]
[Date "2006.11.12"]
[Round "2.5"]
[White "Hala, Viktor"]
[Black "Cernovsky, Jiri"]
[Result "1/2-1/2"]
[WhiteElo "2074"]
[BlackElo "2104"]
[PlyCount "43"]
[EventDate "2006.10.29"]
[EventType "team-tourn"]
[EventRounds "11"]
[EventCountry "CZE"]
[SourceTitle "EXT 2008"]
[Source "ChessBase"]
[SourceDate "2007.11.25"]
[SourceVersion "1"]
[SourceVersionDate "2007.11.25"]
[SourceQuality "1"]
[WhiteTeam "Kolin II"]
[BlackTeam "Kutna Hora"]
[WhiteTeamCountry "CZE"]
[BlackTeamCountry "CZE"]

1. c4 e5 2. Nc3 Nc6 3. g3 g6 4. Bg2 Bg7 5. e3 Nf6 6. Nge2 0-0 7. 0-0 d6 8. Nd5 Bg4 9. h3 Be6 10. Kh2 e4 11. Nec3 Ne5 12. Nxe4 Nxe4 13. Bxe4 c6 14. d4 Nxc4 15. Nf4 Bd7 16. b3 d5 17. Bg2 Nd6 18. Ba3 Qe7 19. Nd3 Rfd8 20. Rc1 Bf5 21. Bc5 Be4 22. Bxe4 1/2-1/2

[Event "CZE-chT2c 0405"]
[Site "Czech Republic"]
[Date "2005.03.20"]
[Round "10.4"]
[White "Prochazka, Dalibor"]
[Black "Hala, Viktor"]
[Result "1-0"]
[WhiteElo "2163"]
[BlackElo "2143"]
[PlyCount "97"]
[EventDate "2004.10.17"]
[EventType "team-tourn"]
[EventRounds "11"]
[EventCountry "CZE"]
[SourceTitle "EXT 2007"]
[Source "ChessBase"]
[SourceDate "2006.11.23"]
[SourceVersion "1"]
[SourceVersionDate "2006.11.23"]
[SourceQuality "1"]
[WhiteTeam "Praha Praga"]
[BlackTeam "Kolin II"]
[WhiteTeamCountry "CZE"]
[BlackTeamCountry "CZE"]

1. e4 c5 2. Nf3 d6 3. d4 cxd4 4. Nxd4 Nf6 5. Nc3 Nc6 6. g3 g6 7. Bg2 Bg4 8. f3 Bd7 9. Be3 Bg7 10. Qd2 Nxd4 11. Bxd4 Qa5 12. Nd5 Qxd2+ 13. Kxd2 Rc8 14. Nxf6+ Bxf6 15. Bxf6 exf6 16. Rad1 Be6 17. f4 Rc7 18. b3 Ke7 19. c4 h5 20. h4 Rhc8 21. Rc1 Bg4 22. Rc3 Ke6 23. Re1 Rd8 24. Kd3 b6 25. Kd4 Re7 26. b4 Rc7 27. a4 Ke7 28. Ra1 Rb8 29. a5 bxa5 30. b5 a6 31. bxa6 Rb6 32. Rxa5 Ra7 33. Rca3 Bc8 34. e5 fxe5+ 35. fxe5 Raxa6 36. Rxa6 Bxa6 37. exd6+ Rxd6+ 38. Bd5 Bc8 39. c5 Rd7 40. c6 Rc7 41. Kc5 f6 42. Kb6 Kd8 43. Rd3 Bd7 44. Bf3 Kc8 45. Rd6 Be8 46. Bd5 Bf7 47. Rxf6 Be8 48. Rf8 Re7 49. Bf7 1-0

[Event "CZE-chT2c 0405"]
[Site "Czech Republic"]
[Date "2004.11.21"]
[Round "3.4"]
[White "Vodicka, Vlastimil"]
[Black "Hala, Viktor"]
[Result "1/2-1/2"]
[WhiteElo "2306"]
[BlackElo "2143"]
[PlyCount "44"]
[EventDate "2004.10.17"]
[EventType "team-tourn"]
[EventRounds "11"]
[EventCountry "CZE"]
[SourceTitle "EXT 2007"]
[Source "ChessBase"]
[SourceDate "2006.11.23"]
[SourceVersion "1"]
[SourceVersionDate "2006.11.23"]
[SourceQuality "1"]
[WhiteTeam "Mlada Boleslav"]
[BlackTeam "Kolin II"]
[WhiteTeamCountry "CZE"]
[BlackTeamCountry "CZE"]

1. d4 d5 2. c4 Nf6 3. Nf3 c6 4. Nc3 Nbd7 5. cxd5 Nxd5 6. e4 Nxc3 7. bxc3 e5 8. Qb3 Be7 9. Nxe5 Nxe5 10. dxe5 Qa5 11. Bc4 0-0 12. e6 f5 13. Bg5 Qc7 14. Bxe7 Qxe7 15. exf5 Rxf5 16. 0-0 b5 17. Qc2 Rf6 18. Bd3 Rh6 19. Bf5 Bxe6 20. Rfe1 Bxf5 21. Qxf5 Qd6 22. h3 Rf8 1/2-1/2

[Event "CZE-chT2V 0203"]
[Site "Czech Republic"]
[Date "2003.??.??"]
[Round "6"]
[White "Tejkal, Lubomir"]
[Black "Hala, Viktor"]
[Result "1/2-1/2"]
[WhiteElo "2020"]
[BlackElo "2080"]
[PlyCount "32"]
[EventDate "2002.10.??"]
[EventType "team-tourn"]
[EventRounds "11"]
[EventCountry "CZE"]
[SourceTitle "EXT 2007"]
[Source "ChessBase"]
[SourceDate "2006.11.23"]
[SourceVersion "1"]
[SourceVersionDate "2006.11.23"]
[SourceQuality "1"]
[WhiteTeam "Vrchlabi"]
[BlackTeam "Polabiny III"]
[WhiteTeamCountry "CZE"]
[BlackTeamCountry "CZE"]

1. e4 c5 2. Nf3 d6 3. d4 cxd4 4. Nxd4 Nf6 5. Nc3 a6 6. Bg5 e6 7. f4 Qb6 8. Qd2 Qxb2 9. Rb1 Qa3 10. f5 Nc6 11. fxe6 fxe6 12. Nxc6 bxc6 13. e5 dxe5 14. Bxf6 gxf6 15. Be2 h5 16. 0-0 Be7 1/2-1/2

[Event "CZE-chT2a 0001"]
[Site "Czech Republic"]
[Date "2000.??.??"]
[Round "4"]
[White "Haspl, Miroslav"]
[Black "Hala, Viktor"]
[Result "1/2-1/2"]
[WhiteElo "2015"]
[BlackElo "2075"]
[PlyCount "23"]
[EventDate "2000.??.??"]
[EventType "team-tourn"]
[EventRounds "11"]
[EventCountry "CZE"]
[SourceTitle "EXT 2003"]
[Source "ChessBase"]
[SourceDate "2002.11.25"]
[SourceVersion "1"]
[SourceVersionDate "2002.11.25"]
[SourceQuality "1"]

1. c4 c5 2. Nc3 Nf6 3. Nf3 g6 4. e3 Bg7 5. d4 0-0 6. d5 d6 7. h3 Bf5 8. g4 Bd7 9. e4 Na6 10. Bf4 Qa5 11. Qd2 Nc7 12. Bd3 1/2-1/2